| 000 | 00392nam a2200157 a 4500 | ||
|---|---|---|---|
| 001 | 2932 | ||
| 003 | CDMR | ||
| 005 | 20130313102220.0 | ||
| 008 | 130130s1972||||||||||||||||||||||||||||d | ||
| 040 |
_aCDMR _bcat _cCPC GIRONA |
||
| 100 | 1 |
_aPerich _qPerich, Jaime _9220 |
|
| 245 | 1 | 0 |
_aNacional II _cPerich |
| 260 |
_c1972 _bLaia _aBarcelona |
||
| 490 | 0 |
_aEdiciones de bolsillo _v116 |
|
| 942 |
_cMON _2udc |
||
| 999 |
_c2932 _d2932 |
||